[Event "XII Torneo Internazionale"]
[Site "Montecatini Terme ITA"]
[Date "2005.02.01"]
[Round "8"]
[White "Tocchioni, Doriano"]
[Black "De Santis, Alessio"]
[Result "0-1"]
[WhiteElo "2283"]
[BlackElo "2293"]
[PlyCount "80"]
[EventDate "2005.01.27"]

1. d4 d6 2. Nf3 Bg4 3. Nbd2 Nf6 4. h3 Bxf3 5. Nxf3 g6 6. c3 c6 7. Qc2 Bg7 8. g4
d5 9. Bg2 Nbd7 10. Bf4 Ne4 11. Nh2 Nd6 12. O-O-O Qa5 13. Bxd6 exd6 14. Kb1
O-O-O 15. e3 Kb8 16. h4 Rde8 17. Bh3 Qd8 18. g5 f5 19. Nf1 Rhf8 20. f4 Rf7 21.
h5 Nf8 22. Bg2 Rfe7 23. Qf2 Qd7 24. Rd3 Rf7 25. Ng3 Qd8 26. Rc1 Nd7 27. Bf3 Qa5
28. Nf1 Nb6 29. b3 Qa3 30. Qb2 Qa5 31. Rdd1 Rfe7 32. Rc2 Qa6 33. a4 c5 34. dxc5
dxc5 35. Bxd5 Nxd5 36. Rxd5 Qxf1+ 37. Rc1 Qa6 38. Qd2 Qb6 39. Kb2 Rxe3 40. Rc2
Bxc3+ 0-1

[Event "XII Torneo Internazionale"]
[Site "Montecatini Terme ITA"]
[Date "2005.02.01"]
[Round "8"]
[White "Voiska, Margarita"]
[Black "Velikov, Petar V."]
[Result "1/2-1/2"]
[WhiteElo "2361"]
[BlackElo "2430"]
[PlyCount "26"]
[EventDate "2005.01.27"]

1. d4 d5 2. c4 c6 3. cxd5 cxd5 4. Nf3 Nf6 5. Nc3 Nc6 6. Bf4 Bf5 7. e3 e6 8. Bd3
Bxd3 9. Qxd3 Bd6 10. Bxd6 Qxd6 11. O-O O-O 12. Rfc1 Rfc8 13. Na4 Nd7 1/2-1/2

[Event "XII Torneo Internazionale"]
[Site "Montecatini Terme ITA"]
[Date "2005.02.02"]
[Round "9"]
[White "Buli, Vangjel"]
[Black "Djuric, Stefan"]
[Result "0-1"]
[WhiteElo "2166"]
[BlackElo "2470"]
[PlyCount "104"]
[EventDate "2005.01.27"]

1. d4 Nf6 2. c4 g6 3. Nc3 Bg7 4. e4 d6 5. Nf3 O-O 6. Be2 c6 7. O-O e5 8. Qc2
Qe7 9. Rd1 Bg4 10. d5 c5 11. Bg5 h6 12. Be3 Bd7 13. h3 Na6 14. Qd2 Kh7 15. Nh2
Ng8 16. Bd3 f5 17. exf5 gxf5 18. f3 Kh8 19. a3 Rf7 20. Rab1 Qf6 21. Nb5 Ne7 22.
b4 b6 23. Nf1 Ng6 24. Bc2 Rg8 25. Ng3 Nh4 26. f4 Bf8 27. Bf2 Rfg7 28. Rb3 Be8
29. Kh2 e4 30. Nc3 Be7 31. Rg1 h5 32. Nce2 Qh6 33. b5 Nb8 34. Be1 Nd7 35. Bd1
Nf6 36. Nc1 Ng4+ 37. Bxg4 hxg4 38. Rh1 Bf6 39. Kg1 Bd4+ 40. Kf1 e3 41. Rxe3
Qxf4+ 42. Bf2 Bxe3 43. Qxe3 Qxe3 44. Bxe3 gxh3 45. Rxh3 Rxg3 46. Rxh4+ Kg7 47.
Bf4 Rxa3 48. Bxd6 Kf6 49. Ne2 Rg4 50. Rh8 Bf7 51. Nf4 Ra4 52. Rf8 Rg8 0-1

[Event "XII Torneo Internazionale"]
[Site "Montecatini Terme ITA"]
[Date "2005.02.02"]
[Round "9"]
[White "De Santis, Alessio"]
[Black "Mrdja, Milan"]
[Result "1-0"]
[WhiteElo "2293"]
[BlackElo "2395"]
[PlyCount "61"]
[EventDate "2005.01.27"]

1. d4 g6 2. c4 Bg7 3. e4 d6 4. Nc3 Nc6 5. Be3 e5 6. Nge2 exd4 7. Nxd4 Nf6 8.
Be2 O-O 9. O-O Re8 10. f3 Nh5 11. Nxc6 bxc6 12. g4 Nf6 13. Bg5 Be6 14. f4 Qb8
15. f5 gxf5 16. gxf5 Bd7 17. Qd2 Kh8 18. Kh1 Re5 19. Rg1 Qf8 20. Bf3 c5 21. Bf4
Ng8 22. Rxg7 Qxg7 23. Rg1 Qf6 24. Bg5 Qg7 25. Bf4 Qf6 26. Nd5 Rxd5 27. Qxd5 Re8
28. Bg5 Qg7 29. Bd2 Qf8 30. Bc3+ f6 31. Rxg8+ 1-0

[Event "XII Torneo Internazionale"]
[Site "Montecatini Terme ITA"]
[Date "2005.02.02"]
[Round "9"]
[White "Miladinovic, Igor"]
[Black "Mariotti, Sergio"]
[Result "1-0"]
[WhiteElo "2611"]
[BlackElo "2350"]
[PlyCount "56"]
[EventDate "2005.01.27"]

1. d4 e6 2. e4 d5 3. Nc3 dxe4 4. Nxe4 Bd7 5. Nf3 Bc6 6. Bd3 Nd7 7. c4 Bxe4 8.
Bxe4 c6 9. O-O Ngf6 10. Bc2 Bd6 11. Bg5 h6 12. Bh4 O-O 13. Qd3 Re8 14. Rad1 Qb8
15. Rfe1 e5 16. dxe5 Bxe5 17. Nxe5 Rxe5 18. Bg3 Rxe1+ 19. Rxe1 Qd8 20. Bd6 Nf8
21. Qa3 Ne6 22. Rd1 Qe8 23. Be7 Nh7 24. Qd6 Nhf8 25. c5 Rc8 26. Bf5 b6 27. b4
bxc5 28. bxc5 Ng6 1-0

[Event "XII Torneo Internazionale"]
[Site "Montecatini Terme ITA"]
[Date "2005.02.02"]
[Round "9"]
[White "Shytaj, Luca"]
[Black "Voiska, Margarita"]
[Result "1-0"]
[WhiteElo "2341"]
[BlackElo "2361"]
[PlyCount "149"]
[EventDate "2005.01.27"]

1. e4 c5 2. Nf3 Nc6 3. Nc3 Nf6 4. Bb5 Qc7 5. O-O a6 6. Bxc6 dxc6 7. h3 e5 8. d3
h6 9. Nh4 g6 10. f4 Be7 11. Qe1 Nh5 12. fxe5 Qxe5 13. Nf3 Qg3 14. Qxg3 Nxg3 15.
Re1 Be6 16. Be3 c4 17. Nd4 cxd3 18. Nxe6 fxe6 19. cxd3 Rd8 20. Rad1 e5 21. Kh2
Nh5 22. Na4 Bh4 23. Re2 Bg3+ 24. Kg1 Rh7 25. Nc5 Rd6 26. Red2 Bf4 27. Kf2 Rf7
28. Bxf4 Nxf4 29. Ke3 a5 30. Na4 g5 31. Nb6 Re6 32. Rc1 Kd8 33. Rc5 Kc7 34. Nc4
Ng6 35. Rxa5 Rf1 36. Rc2 b6 37. Ra7+ Kb8 38. Rd7 Nf8 39. Rg7 b5 40. Na5 Rff6
41. Nb3 Rd6 42. Nc5 Kc8 43. g3 Rf1 44. Rf2 Rxf2 45. Kxf2 Rf6+ 46. Ke3 Ne6 47.
Nxe6 Rxe6 48. Rf7 Kd8 49. a3 Ke8 50. Rh7 Kd8 51. Kd2 Rf6 52. Kc3 Rf3 53. Rxh6
c5 54. b3 Rxg3 55. Rc6 b4+ 56. axb4 cxb4+ 57. Kc4 Rxh3 58. Re6 Rh7 59. Rxe5 Rg7
60. Rf5 g4 61. Rf2 Ke7 62. Kxb4 g3 63. Rg2 Kf6 64. d4 Rg4 65. Kc5 Rg5+ 66. e5+
Kf5 67. Kd5 Rg8 68. b4 Kf4 69. e6 Kf3 70. Rg1 Kf2 71. Rb1 g2 72. e7 Ke3 73. b5
Rh8 74. b6 Kd3 75. Rg1 1-0

[Event "XII Torneo Internazionale"]
[Site "Montecatini Terme ITA"]
[Date "2005.02.02"]
[Round "9"]
[White "Velikov, Petar V."]
[Black "Tocchioni, Doriano"]
[Result "1/2-1/2"]
[WhiteElo "2430"]
[BlackElo "2283"]
[PlyCount "96"]
[EventDate "2005.01.27"]

1. Nf3 Nf6 2. g3 d5 3. Bg2 c6 4. O-O Bg4 5. d3 e6 6. h3 Bxf3 7. Bxf3 Bd6 8. Bg2
Qb6 9. Kh1 Nbd7 10. e4 h5 11. Qe2 dxe4 12. dxe4 h4 13. g4 e5 14. Nd2 Qc7 15.
Nc4 Be7 16. f4 Nh7 17. fxe5 Nxe5 18. Bf4 f6 19. Rad1 b5 20. Nxe5 fxe5 21. Bh2
Bf6 22. a4 a6 23. Bg1 O-O 24. Qf2 Rfd8 25. Qe3 Rxd1 26. Rxd1 Rd8 27. Qb3+ Qf7
28. Rxd8+ Bxd8 29. Qxf7+ Kxf7 30. Bf1 Nf8 31. axb5 axb5 32. c4 bxc4 33. Bxc4+
Ke8 34. Be3 Ng6 35. Kg2 Nf4+ 36. Bxf4 exf4 37. e5 Bc7 38. e6 Be5 39. b3 c5 40.
Kf3 Bd4 41. Kxf4 Bf2 42. Ke4 Bg1 43. Bd5 Bf2 44. Ke5 Bg3+ 45. Kf5 Bf2 46. Ke4
Bg1 47. Kf3 Bd4 48. Bc4 Bg1 1/2-1/2

[Event "XII Torneo Internazionale"]
[Site "Montecatini Terme ITA"]
[Date "2005.02.03"]
[Round "10"]
[White "Tocchioni, Doriano"]
[Black "Mrdja, Milan"]
[Result "0-1"]
[WhiteElo "2283"]
[BlackElo "2395"]
[PlyCount "78"]
[EventDate "2005.01.27"]

1. d4 c5 2. d5 g6 3. e4 Bg7 4. Nf3 d6 5. h3 Nf6 6. Bd3 O-O 7. c4 e5 8. g4 Nbd7
9. Nc3 a6 10. a4 h5 11. Nh2 hxg4 12. hxg4 Nh7 13. Be3 Bf6 14. Nf3 Ng5 15. Nxg5
Bxg5 16. Qd2 f6 17. Nd1 Rf7 18. Be2 Bxe3 19. Nxe3 Nf8 20. O-O-O b6 21. g5 fxg5
22. Bg4 Bxg4 23. Nxg4 Rf4 24. f3 Ra7 25. Nh6+ Kg7 26. Rdg1 b5 27. Qh2 bxc4 28.
Nf5+ Kf7 29. Qh8 Rd7 30. Nh6+ Ke8 31. Ng4 Rxf3 32. Rh2 c3 33. Rgh1 Rdf7 34.
Nxe5 dxe5 35. Qxe5+ Re7 36. Qxg5 Rxe4 37. Qg2 Qf6 38. Rd1 cxb2+ 39. Kb1 Rxa4
0-1

[Event "XII Torneo Internazionale"]
[Site "Montecatini Terme ITA"]
[Date "2005.02.03"]
[Round "10"]
[White "Velikov, Petar V."]
[Black "Shytaj, Luca"]
[Result "1-0"]
[WhiteElo "2430"]
[BlackElo "2341"]
[PlyCount "105"]
[EventDate "2005.01.27"]

1. c4 Nf6 2. g3 c6 3. Nf3 d5 4. Qb3 dxc4 5. Qxc4 Qd5 6. Qc2 Qh5 7. h3 Na6 8. a3
e5 9. d3 Nc5 10. Nbd2 Qf5 11. e4 Qe6 12. b4 Ncd7 13. Nc4 b5 14. Ng5 Qe7 15. Na5
Nb8 16. Bb2 Qc7 17. Rc1 Bd6 18. Nxc6 O-O 19. Na5 Qe7 20. Bg2 Bd7 21. O-O Rc8
22. Qb3 Nc6 23. Nb7 Bc7 24. Nc5 Be8 25. Nf3 a5 26. d4 axb4 27. axb4 exd4 28.
Nxd4 Nxd4 29. Bxd4 Be5 30. Be3 Nd7 31. Nd3 Bd6 32. e5 Nxe5 33. Nxe5 Bxe5 34.
Bxa8 Rxa8 35. Rfe1 Qb7 36. Qc2 Bd7 37. Kh2 Qf3 38. Bb6 Qh5 39. Qe4 Qxh3+ 40.
Kg1 Re8 41. Bc7 f6 42. Qd5+ Qe6 43. Qxe6+ Rxe6 44. Bxe5 fxe5 45. Rc7 Bc6 46. f4
e4 47. Rc1 Bd5 48. Rd1 Bc6 49. Rd8+ Be8 50. Kf2 e3+ 51. Ke2 Kf8 52. Rb8 Re4 53.
Rc3 1-0

[Event "XII Torneo Internazionale"]
[Site "Montecatini Terme ITA"]
[Date "2005.02.03"]
[Round "10"]
[White "Voiska, Margarita"]
[Black "Buli, Vangjel"]
[Result "0-1"]
[WhiteElo "2361"]
[BlackElo "2166"]
[PlyCount "76"]
[EventDate "2005.01.27"]

1. c4 e6 2. Nc3 d5 3. e3 Nf6 4. Nf3 Be7 5. b3 O-O 6. Bb2 c5 7. d4 cxd4 8. exd4
Nc6 9. Bd3 b6 10. O-O Bb7 11. Re1 Rc8 12. cxd5 Nxd5 13. Nxd5 exd5 14. Ne5 Nxe5
15. dxe5 g6 16. Qg4 Rc7 17. a3 Bc8 18. Qf4 Be6 19. Bd4 Bg5 20. Qg3 Bd2 21. f4
Bc3 22. Qe3 Bxa1 23. Rxa1 Qh4 24. Rf1 Re8 25. h3 Bf5 26. Bxf5 gxf5 27. Qd3 Qh5
28. Qb5 Rd8 29. Rf3 Qg6 30. Qd3 Kf8 31. Kh2 h6 32. a4 Ke7 33. e6 Rg8 34. g3
fxe6 35. Re3 h5 36. h4 Rgc8 37. Re2 Qg4 38. Qe3 Qxe2+ 0-1

[Event "XII Torneo Internazionale"]
[Site "Montecatini Terme ITA"]
[Date "2005.02.04"]
[Round "11"]
[White "Buli, Vangjel"]
[Black "Velikov, Petar V."]
[Result "1/2-1/2"]
[WhiteElo "2166"]
[BlackElo "2430"]
[PlyCount "95"]
[EventDate "2005.01.27"]

1. d4 d5 2. c4 c6 3. e3 Nf6 4. Nc3 e6 5. Nf3 a6 6. b3 Bb4 7. Bd2 Nbd7 8. Qc2
O-O 9. Bd3 Bd6 10. O-O Qe7 11. e4 dxc4 12. Bxc4 e5 13. h3 exd4 14. Nxd4 Ne5 15.
f4 Nxc4 16. bxc4 Bc5 17. Be3 Rd8 18. Rad1 Be6 19. Na4 Bxd4 20. Rxd4 b5 21. Nb6
Rxd4 22. Bxd4 Rd8 23. Bf2 Qb4 24. f5 Bxc4 25. Rb1 Qe7 26. Nxc4 bxc4 27. Re1 Qb4
28. e5 Nd5 29. Re4 Qc3 30. Qxc3 Nxc3 31. Rxc4 Nxa2 32. Rxc6 Nb4 33. Rc7 h5 34.
Rb7 Nd3 35. e6 fxe6 36. fxe6 Nxf2 37. Kxf2 Re8 38. Rb6 Ra8 39. Rd6 Kf8 40. Rd7
a5 41. Rf7+ Kg8 42. Kg3 a4 43. Rf2 a3 44. e7 g5 45. Kh2 Kg7 46. Kg3 Rb8 47. Rf3
a2 48. Ra3 1/2-1/2

[Event "XII Torneo Internazionale"]
[Site "Montecatini Terme ITA"]
[Date "2005.02.04"]
[Round "11"]
[White "Kaps, Darja"]
[Black "Voiska, Margarita"]
[Result "1/2-1/2"]
[WhiteElo "2287"]
[BlackElo "2361"]
[PlyCount "23"]
[EventDate "2005.01.27"]

1. e4 c5 2. Nf3 Nc6 3. c3 e6 4. d4 d5 5. exd5 exd5 6. Bb5 Bd6 7. Qe2+ Qe7 8.
Qxe7+ Ngxe7 9. O-O O-O 10. dxc5 Bxc5 11. Re1 Bg4 12. Nbd2 1/2-1/2

[Event "XII Torneo Internazionale"]
[Site "Montecatini Terme ITA"]
[Date "2005.02.04"]
[Round "11"]
[White "Miladinovic, Igor"]
[Black "Djuric, Stefan"]
[Result "1/2-1/2"]
[WhiteElo "2611"]
[BlackElo "2470"]
[PlyCount "20"]
[EventDate "2005.01.27"]

1. d4 d5 2. c4 dxc4 3. e3 e5 4. Bxc4 exd4 5. exd4 Nf6 6. Nf3 Be7 7. O-O O-O 8.
Nc3 c6 9. h3 Nbd7 10. Re1 Nb6 1/2-1/2

[Event "XII Torneo Internazionale"]
[Site "Montecatini Terme ITA"]
[Date "2005.02.04"]
[Round "11"]
[White "Shytaj, Luca"]
[Black "Tocchioni, Doriano"]
[Result "1/2-1/2"]
[WhiteElo "2341"]
[BlackElo "2283"]
[PlyCount "31"]
[EventDate "2005.01.27"]

1. e4 c5 2. Nf3 d6 3. d4 cxd4 4. Nxd4 Nf6 5. Nc3 a6 6. Rg1 e5 7. Nb3 Be6 8. g4
d5 9. g5 Nxe4 10. Nxe4 dxe4 11. Qxd8+ Kxd8 12. Bg2 Bf5 13. Be3 Nd7 14. Nd2 Nc5
15. Nc4 Nd7 16. Nd2 1/2-1/2

[Event "XIV Weekend A"]
[Site "Ceriano Laghetto ITA"]
[Date "2005.01.29"]
[Round "1"]
[White "Aranovitch, Emiliano"]
[Black "Gagliardi, Christian"]
[Result "1/2-1/2"]
[WhiteElo "2314"]
[BlackElo "2091"]
[PlyCount "90"]
[EventDate "2005.01.29"]

1. e4 g6 2. d4 Bg7 3. Nf3 d6 4. Bc4 a6 5. a4 Nf6 6. Qe2 O-O 7. e5 dxe5 8. dxe5
Nd5 9. h3 Nc6 10. O-O Nb6 11. Bb3 Nd4 12. Nxd4 Qxd4 13. a5 Nd7 14. e6 Ne5 15.
exf7+ Kh8 16. Bg5 Qc5 17. Nc3 Nc6 18. Be3 Nd4 19. Qd1 e5 20. Ne2 Qd6 21. Ba2
Bf5 22. c3 Nxe2+ 23. Qxe2 Bd3 24. Qg4 Bxf1 25. Rxf1 Rfd8 26. Qe4 b6 27. axb6
cxb6 28. Bb3 Qc7 29. h4 Rab8 30. h5 Qb7 31. Qh4 Qc6 32. Bc2 Bf6 33. Qg3 gxh5
34. Qh3 e4 35. Qxh5 Qe6 36. Re1 Rf8 37. Bh6 Qxf7 38. Qf5 Rg8 39. Bf4 Rbe8 40.
Rxe4 Rxe4 41. Bxe4 Qe7 42. g3 Re8 43. Bd3 b5 44. Kh2 Qg7 45. Qh5 Rf8 1/2-1/2

[Event "XIV Weekend A"]
[Site "Ceriano Laghetto ITA"]
[Date "2005.01.29"]
[Round "1"]
[White "Berni, Fabrizio"]
[Black "Cavallini, Gianfranco"]
[Result "1-0"]
[WhiteElo "2156"]
[BlackElo "2020"]
[PlyCount "83"]
[EventDate "2005.01.29"]

1. e4 e5 2. Nf3 d6 3. d4 Nf6 4. Nc3 Nbd7 5. Be2 Be7 6. O-O O-O 7. h3 c6 8. a4
Qa5 9. Be3 Kh8 10. Qd2 exd4 11. Nxd4 Rd8 12. Rfd1 Nf8 13. f4 Ng6 14. Bd3 Bd7
15. Qf2 Bf8 16. g4 c5 17. Nf3 Rac8 18. f5 c4 19. fxg6 cxd3 20. cxd3 fxg6 21.
Bxa7 Bxg4 22. Bb6 Qb4 23. hxg4 Nxg4 24. Nd5 Nxf2 25. Nxb4 Nxd1 26. Bxd8 Nxb2
27. Bb6 d5 28. Nxd5 Nxd3 29. Nd4 h5 30. Rf1 Bd6 31. Nb5 Be5 32. Ne7 Re8 33.
Nxg6+ Kh7 34. Nxe5 Rxe5 35. Nc3 Rg5+ 36. Kh2 Ne5 37. Rf5 Rxf5 38. exf5 g5 39.
Ne4 Nf7 40. Be3 Kh6 41. Kh3 h4 42. Nxg5 1-0

[Event "XIV Weekend A"]
[Site "Ceriano Laghetto ITA"]
[Date "2005.01.29"]
[Round "1"]
[White "Mosconi, Ariel Oscar"]
[Black "Bellotto, Stefano"]
[Result "0-1"]
[WhiteElo "2097"]
[BlackElo "2041"]
[PlyCount "78"]
[EventDate "2005.01.29"]

1. e4 d6 2. d4 Nf6 3. Nc3 c6 4. a4 a5 5. Nf3 Bg4 6. Be2 Nbd7 7. O-O e5 8. Be3
Be7 9. h3 Bh5 10. Nh4 Bxe2 11. Qxe2 g6 12. Nf3 Nh5 13. Rad1 Qc7 14. Bh6 Nf4 15.
Qd2 Ne6 16. d5 Nec5 17. Ng5 f6 18. Nf3 O-O-O 19. Nh2 Rhg8 20. Be3 f5 21. f3 Nf6
22. Bxc5 dxc5 23. Qe2 Nh5 24. Qc4 Rge8 25. dxc6 bxc6 26. Ne2 Kb7 27. Rd3 Rxd3
28. cxd3 Qb6 29. Qf7 c4+ 30. Kh1 cxd3 31. Qxe8 dxe2 32. Qd7+ Kb8 33. Qe8+ Bd8
34. Qxe5+ Bc7 35. Qh8+ Kb7 36. g4 exf1=R+ 37. Nxf1 Qf2 38. e5 Qxf1+ 39. Kh2
Qf2+ 0-1

[Event "XIV Weekend A"]
[Site "Ceriano Laghetto ITA"]
[Date "2005.01.29"]
[Round "1"]
[White "Pace, Roberto"]
[Black "Sbarra, Marco"]
[Result "0-1"]
[WhiteElo "2066"]
[BlackElo "2204"]
[PlyCount "48"]
[EventDate "2005.01.29"]

1. e4 e5 2. Nf3 Nc6 3. Bb5 a6 4. Ba4 Nf6 5. O-O b5 6. Bb3 Bc5 7. Qe2 d6 8. c3
O-O 9. h3 Bb7 10. d3 h6 11. Re1 Re8 12. Nbd2 Ne7 13. Nf1 Ng6 14. Ng3 d5 15.
exd5 Nxd5 16. Qe4 Rb8 17. Qg4 Bc8 18. Qh5 Be6 19. Nxe5 Nf6 20. Qf3 Bxb3 21.
axb3 Nxe5 22. Rxe5 Rxe5 23. Bf4 Re6 24. Nf5 Qd5 0-1

[Event "XIV Weekend A"]
[Site "Ceriano Laghetto ITA"]
[Date "2005.01.29"]
[Round "1"]
[White "Perissinotto, Claudio"]
[Black "Salvador, Roland"]
[Result "1-0"]
[WhiteElo "2100"]
[BlackElo "2340"]
[PlyCount "91"]
[EventDate "2005.01.29"]

1. e4 c5 2. Nf3 Nc6 3. d4 cxd4 4. Nxd4 e5 5. Nb5 d6 6. c4 Be7 7. N1c3 a6 8. Na3
f5 9. exf5 Bxf5 10. Bd3 Be6 11. O-O Nf6 12. Nc2 O-O 13. Ne3 Qd7 14. Ned5 Bd8
15. Nxf6+ Bxf6 16. Nd5 Bxd5 17. cxd5 Ne7 18. Be4 Rac8 19. Be3 Qb5 20. Qh5 g6
21. Qg4 Kg7 22. Qe6 Qb4 23. Rfe1 Nf5 24. Bxf5 Rce8 25. a3 Qb3 26. Qxd6 gxf5 27.
Qb6 Qxd5 28. Red1 Qf7 29. Rd2 Re6 30. Qa5 f4 31. Bc5 Rg8 32. Rad1 Kh8 33. Rd7
Qh5 34. Qe1 b6 35. Bb4 e4 36. Bc3 f3 37. Rd8 Qg5 38. g3 Rxd8 39. Rxd8+ Kg7 40.
h4 Qf5 41. Qd2 e3 42. fxe3 Bxc3 43. Qxc3+ Kh6 44. Qd4 Re4 45. Rd6+ Kh5 46. Rd5
1-0

[Event "XIV Weekend A"]
[Site "Ceriano Laghetto ITA"]
[Date "2005.01.29"]
[Round "1"]
[White "Ranola, Yves"]
[Black "Rosin, Federico"]
[Result "1-0"]
[WhiteElo "2455"]
[BlackElo "2133"]
[PlyCount "137"]
[EventDate "2005.01.29"]

1. c4 e6 2. g3 d5 3. Bg2 Nf6 4. Nf3 c5 5. O-O Be7 6. d4 O-O 7. cxd5 exd5 8.
dxc5 Bxc5 9. Bg5 Nc6 10. Nc3 d4 11. Bxf6 Qxf6 12. Ne4 Qe7 13. Nxc5 Qxc5 14. Rc1
Qb6 15. Qc2 h6 16. a3 Be6 17. b4 a5 18. Qc5 Qxc5 19. Rxc5 axb4 20. axb4 Rfd8
21. b5 Nb4 22. Ne5 Bd5 23. Rd1 Bxg2 24. Kxg2 f6 25. Ng6 d3 26. e4 d2 27. Kf1
Ra2 28. Ke2 Rd7 29. f4 Kf7 30. f5 Rc2 31. Rxc2 Nxc2 32. Rxd2 Rxd2+ 33. Kxd2 Na3
34. b6 Nc4+ 35. Kd3 Nxb6 36. Kd4 Nd7 37. Kd5 Nf8 38. Nf4 Nd7 39. Ne6 b6 40. Kc6
Ne5+ 41. Kxb6 Ng4 42. h4 Nf2 43. Nc5 h5 44. Kc6 Nh1 45. Kd5 Nxg3 46. Ne6 Ne2
47. Kc4 g6 48. Kd3 gxf5 49. exf5 Nc1+ 50. Ke3 Nb3 51. Nf4 Na5 52. Nxh5 Nc4+ 53.
Kf4 Nd6 54. Ng3 Kg7 55. Ke3 Kf7 56. Kd4 Ke7 57. Kd5 Nf7 58. Ne2 Nh6 59. Nd4 Kf7
60. Kd6 Ng8 61. Kd7 Nh6 62. Kd8 Kf8 63. Kd7 Kf7 64. Kc6 Nxf5 65. Nxf5 Kg6 66.
Nd4 Kh5 67. Nf3 Kg4 68. Kd5 f5 69. Ke5 1-0

[Event "XIV Weekend A"]
[Site "Ceriano Laghetto ITA"]
[Date "2005.01.29"]
[Round "1"]
[White "Rossi, Giampiero"]
[Black "Barlocco, Carlo"]
[Result "1/2-1/2"]
[WhiteElo "2029"]
[BlackElo "2156"]
[PlyCount "67"]
[EventDate "2005.01.29"]

1. d4 g6 2. c4 Bg7 3. g3 Nc6 4. Nf3 e5 5. dxe5 Nxe5 6. Nxe5 Bxe5 7. Bg2 Ne7 8.
O-O O-O 9. Qd2 d6 10. Nc3 Nc6 11. b3 Bd7 12. Bb2 Re8 13. e3 Bg7 14. Rfe1 Rb8
15. f4 Ne7 16. e4 f5 17. Nd5 Nxd5 18. exd5 Bxb2 19. Qxb2 Kf7 20. Rxe8 Qxe8 21.
Qf2 Qh8 22. Re1 b6 23. Re2 Re8 24. Rxe8 Bxe8 25. Qd2 Qa1+ 26. Kf2 a5 27. a4
Bxa4 28. bxa4 Qxa4 29. Qe2 Kf8 30. Bf1 Qb4 31. Qe6 Qc5+ 32. Qe3 Qb4 33. Qe6
Qc5+ 34. Qe3 1/2-1/2

[Event "XIV Weekend A"]
[Site "Ceriano Laghetto ITA"]
[Date "2005.01.30"]
[Round "2"]
[White "Barlocco, Carlo"]
[Black "Perissinotto, Claudio"]
[Result "1-0"]
[WhiteElo "2156"]
[BlackElo "2100"]
[PlyCount "147"]
[EventDate "2005.01.29"]

1. g3 d5 2. Bg2 e5 3. d3 Nf6 4. Nf3 Bd6 5. Nc3 c6 6. O-O O-O 7. e4 dxe4 8. dxe4
h6 9. Qe2 Be6 10. b3 Nbd7 11. Rd1 Qc7 12. Bb2 Rfe8 13. h3 Rad8 14. a4 Nf8 15.
Nb1 Ng6 16. Na3 Qc8 17. Nc4 Bc7 18. Rxd8 Rxd8 19. Nfxe5 Nxe5 20. Nxe5 Bxh3 21.
Nd3 Bxg2 22. Kxg2 Qg4 23. Re1 Qg6 24. f4 Nh5 25. Qf3 Rxd3 26. cxd3 Nxf4+ 27.
Kh2 Ne6 28. Rg1 Ng5 29. Qg4 Kh7 30. Bc1 Ne6 31. Qxg6+ Kxg6 32. Be3 a6 33. Rf1
Be5 34. Kg2 f6 35. Rc1 Kh5 36. Kf3 Bd4 37. Rh1+ Kg6 38. b4 Kf7 39. Rc1 Ke7 40.
Rc4 Bxe3 41. Kxe3 Kd6 42. d4 b6 43. Rc1 Nc7 44. Rh1 Ne6 45. Rf1 Nc7 46. Rf5 Ne6
47. d5 cxd5 48. Rxd5+ Kc6 49. Rd1 Ng5 50. Rd8 Ne6 51. Rd5 Kc7 52. e5 fxe5 53.
Rxe5 Kd6 54. Rh5 Kc6 55. Rh1 a5 56. Rc1+ Kd6 57. bxa5 bxa5 58. Rb1 Nc5 59. Rb5
Nxa4 60. Rxa5 Nc5 61. Ra7 Ne6 62. Ke4 g6 63. Ra6+ Ke7 64. Ke5 Nf8 65. Ra7+ Nd7+
66. Kd5 Ke8 67. Kd6 Nf8 68. Re7+ Kd8 69. Re1 h5 70. Re2 g5 71. Ke5 h4 72. g4
Ng6+ 73. Kf5 Nf4 74. Rd2+ 1-0

[Event "XIV Weekend A"]
[Site "Ceriano Laghetto ITA"]
[Date "2005.01.30"]
[Round "2"]
[White "Bellotto, Stefano"]
[Black "Ranola, Yves"]
[Result "1/2-1/2"]
[WhiteElo "2041"]
[BlackElo "2455"]
[PlyCount "155"]
[EventDate "2005.01.29"]

1. e4 c5 2. Nf3 Nc6 3. d3 g6 4. g3 Bg7 5. Bg2 d6 6. O-O Nf6 7. Re1 Bg4 8. h3
Bxf3 9. Bxf3 O-O 10. c3 Nd7 11. Bg2 Qc7 12. Qe2 b5 13. Be3 Rab8 14. Rd1 b4 15.
d4 bxc3 16. bxc3 cxd4 17. cxd4 Rb4 18. Qc2 Qb6 19. Nc3 Nxd4 20. Bxd4 Rxd4 21.
Nd5 Qd8 22. Rxd4 Bxd4 23. Rb1 e6 24. Nb4 Qb6 25. Nd3 Qa6 26. Rc1 Rb8 27. Bf1
Qb7 28. Qc6 Be5 29. Nxe5 dxe5 30. Qd6 Qb2 31. Rc7 Nb6 32. Qe7 Rf8 33. Rxa7 Nc8
34. Qb7 Qd4 35. Ra8 Nd6 36. Rxf8+ Kxf8 37. Qa8+ Kg7 38. Bg2 Nb5 39. Qb8 Nc3 40.
Qb2 Kf6 41. h4 h5 42. Bf3 Kg7 43. Qc2 f5 44. exf5 exf5 45. Qb3 e4 46. Bg2 Nd1
47. Qb7+ Kh6 48. Qe7 Qxf2+ 49. Kh2 Qd4 50. Qg5+ Kh7 51. Qe7+ Qg7 52. Qxg7+ Kxg7
53. a4 Nc3 54. a5 Kf6 55. Bf1 Ke5 56. a6 Nd5 57. a7 Nc7 58. Ba6 Kd4 59. Kg2 Ke3
60. Bb7 Kd2 61. Kf1 Ke3 62. Kg2 Ke2 63. Ba6+ Ke1 64. Bb7 Ke2 65. Ba6+ Kd2 66.
Kf1 Ke3 67. Kg2 f4 68. gxf4 Kxf4 69. Kf2 Kg4 70. Bb7 Kxh4 71. Bxe4 g5 72. a8=Q
Nxa8 73. Bxa8 Kh3 74. Kg1 g4 75. Bd5 Kg3 76. Bc6 h4 77. Bd5 Kf4 78. Kg2 1/2-1/2

[Event "XIV Weekend A"]
[Site "Ceriano Laghetto ITA"]
[Date "2005.01.30"]
[Round "2"]
[White "Cavallini, Gianfranco"]
[Black "Mosconi, Ariel Oscar"]
[Result "0-1"]
[WhiteElo "2020"]
[BlackElo "2097"]
[PlyCount "86"]
[EventDate "2005.01.29"]

1. e4 g6 2. Bc4 Bg7 3. Nc3 c5 4. d3 Nc6 5. f4 e6 6. Nf3 Nge7 7. O-O d5 8. Bb3
O-O 9. Qe2 Nd4 10. Nxd4 cxd4 11. Nd1 dxe4 12. dxe4 Qb6 13. Nf2 Bd7 14. Nd3 Nc6
15. Bd2 Na5 16. Bxa5 Qxa5 17. g4 Rac8 18. a4 Rc7 19. h4 Kh8 20. e5 b5 21. axb5
Qxb5 22. g5 h5 23. Qd2 Rfc8 24. Ra4 Bf8 25. Ra5 Qb7 26. f5 exf5 27. Nf4 d3 28.
Nxd3 Qb6+ 29. Rf2 Bc6 30. Bc4 Be4 31. b3 Rxc4 32. bxc4 Rxc4 33. Ra2 Bc6 34. Rb2
Rxh4 35. Kf1 Rh1+ 36. Ke2 Qd4 37. Qe3 Qg4+ 38. Kd2 Rd1+ 39. Kc3 Qa4 40. Qd4
Qa5+ 41. Kb3 Ra1 42. c3 Ba4+ 43. Kc4 Qa6+ 0-1

[Event "XIV Weekend A"]
[Site "Ceriano Laghetto ITA"]
[Date "2005.01.30"]
[Round "2"]
[White "Gagliardi, Christian"]
[Black "Rossi, Giampiero"]
[Result "1-0"]
[WhiteElo "2091"]
[BlackElo "2029"]
[PlyCount "99"]
[EventDate "2005.01.29"]

1. e4 c5 2. Nf3 e6 3. d4 cxd4 4. Nxd4 a6 5. Bd3 Nf6 6. Nc3 Qc7 7. O-O Nc6 8.
Nxc6 dxc6 9. a4 e5 10. h3 Bd6 11. Bg5 Qe7 12. Qf3 h6 13. Bd2 O-O 14. Nd1 Be6
15. Ne3 Rfe8 16. Nf5 Bxf5 17. Qxf5 Bb4 18. Bc1 Rad8 19. Qf3 Bc5 20. a5 Rd7 21.
c3 Red8 22. Bc4 Ne8 23. Kh1 Qf6 24. Qe2 Nd6 25. Bb3 Qg6 26. Bc2 Qe6 27. f4 exf4
28. Bxf4 Ne8 29. Rae1 Bf8 30. e5 g6 31. Qf3 Nc7 32. Re2 Bg7 33. Qg3 Qc4 34.
Rfe1 Ne6 35. Bc1 Nc5 36. e6 Nxe6 37. Rxe6 fxe6 38. Qxg6 e5 39. Bxh6 Qf7 40.
Qh7+ Kf8 41. Qh8+ Ke7 42. Qxg7 Qxg7 43. Bxg7 Rd2 44. Bf5 Rxb2 45. Bxe5 Rdd2 46.
Bf4+ Re2 47. Rxe2+ Rxe2 48. Bc7 Re1+ 49. Kh2 Rc1 50. Bc8 1-0

[Event "XIV Weekend A"]
[Site "Ceriano Laghetto ITA"]
[Date "2005.01.30"]
[Round "2"]
[White "Rosin, Federico"]
[Black "Pace, Roberto"]
[Result "1-0"]
[WhiteElo "2133"]
[BlackElo "2066"]
[PlyCount "101"]
[EventDate "2005.01.29"]

1. e4 c5 2. Nf3 a6 3. c3 d5 4. exd5 Qxd5 5. d4 Nf6 6. Be2 e6 7. O-O Be7 8. Be3
cxd4 9. cxd4 O-O 10. Nc3 Qd6 11. Ne5 Nc6 12. Nc4 Qd8 13. Bf3 Nb4 14. Qe2 Nbd5
15. Bg5 b5 16. Nxd5 exd5 17. Ne5 Bb7 18. Rac1 h6 19. Bh4 Qd6 20. a3 Rac8 21. b4
Rfe8 22. Qb2 Bf8 23. Bxf6 gxf6 24. Nd3 Rcd8 25. Qd2 Rc8 26. Nc5 Bc6 27. Bg4 Rc7
28. Rfe1 Rce7 29. g3 Bg7 30. Bf5 Bf8 31. Kf1 Ra7 32. Rxe8 Bxe8 33. Re1 Bc6 34.
Re3 Ra8 35. Kg2 Kg7 36. Rf3 Kg8 37. Rf4 Bg7 38. Rg4 Kf8 39. Rf4 Kg8 40. Rg4 Kf8
41. Rf4 Ke8 42. Rf3 Kf8 43. Re3 Ra7 44. Qe2 Ra8 45. h4 Ra7 46. Qe1 Ra8 47. Qe2
Ra7 48. Qg4 Ra8 49. Nd3 a5 50. Nf4 axb4 51. Nh5 1-0